000 00977cab a2200313 4500
001 ABS54509
008 090401t1996 xxu||||| |||| 00| 0 eng d
035 _a(Sirsi) u10893
041 _aeng
245 _aEstates Times survey: Tyne & Wear
260 _c1996
350 _a0
490 _aEstates Times
_v(1311) 9 February 1996, 9-22(14)
650 _aINDUSTRIAL MARKET
650 _aINFRASTRUCTURE PROJECTS
650 _aINNER CITIES
650 _aLOCAL GOVERNMENT REORGANISATION
650 _aNEWCASTLE UPON TYNE
650 _aPROPERTY-COMMERCIAL PROPERTY-OFFICE PROPERTY-OFFICE PROPERTY MARKET
650 _aPLANNING ISSUES
650 _aPROPERTY-COMMERCIAL PROPERTY-RETAIL PROPERTY-RETAIL PROPERTY MARKET
650 _aSUNDERLAND
650 _aTYNE & WEAR DEVELOPMENT CORPORATION
650 _aTYNE & WEAR
650 _aURBAN REGENERATION
690 _aPROPERTY-COMMERCIAL PROPERTY-COMMERCIAL PROPERTY MARKET
942 _n0
948 _c04/03/1997
999 _c6935
_d6935